000 00227nam a2200097Ia 4500
005 20251222153621.0
008 251222s9999||||xx |||||||||||||| ||spa||
082 _a460/C47
245 0 _aLenguaje: Teoría y práctica
942 _cLIB
999 _c31996
_d31996